Responses for Show #2496 - Monday, June 12, 1995

Contestants

[<< previous game]

Susan Cheatham, a secretary from Arlington, Virginia

Charlie Baumann, a contracts approver from Cranford, New Jersey

Mark Mullinax, a fish and wildlife volunteer originally from Paxton, Illinois (whose 1-day cash winnings total $12,300)

[next game >>]

Jeopardy! Round responses

INSECTS
A.K.A.
PHOTOGRAPHY
1933
HOLIDAYS & OBSERVANCES
STARTS WITH "Z"
    $100 9
crickets

Susan
    $100 4
Lauren Hutton

Susan
    $100 15
the Louvre

Mark
    $100 1
Antarctica

Charlie
    $100 2
the Chinese New Year

Mark
    $100 16
ZIP codes

Susan
    $200 10
fleas

Mark
    $200 5
Diane Ladd

Mark
    $200 21
35mm

Mark
    $200 3
Mount Everest

Mark
    $200 27
Athens

Charlie
    $200 17
Zeppo

Mark
    $300 11
termites

Mark
    $300 12
Bugsy

Mark
    $300 22
a double exposure

Mark
    $300 6
Ft. McHenry

Mark
    $300 28
Pakistan

Mark
    $300 18
Zinfandel

Mark
    $400 24
a moth

Charlie
    $400 13
Mickey Dolenz

Mark
    $400 23
Ansel Adams

Charlie
    $400 7
(Mark: Who is Jimmy Walker?)
(Susan: Who is Al Smith?)

Fiorello La Guardia

MarkSusan
Triple Stumper
    $2,500 29
the Fourth of July (Independence Day)

Mark
    $400 19
a ziggurat

Mark
    $500 25
a walking stick

Mark
    $500 14
Patti LaBelle

Mark
    $500 26
a horse

Mark
    $500 8
Austria

Charlie
    $500 30
the Druids

Mark
    $500 20
Zagreb

Mark

Scores at the first commercial break (after clue 15):

Mark Charlie Susan
$2,200 $600 -$200

Scores at the end of the Jeopardy! Round:

Mark Charlie Susan
$8,400 $1,600 -$100

Double Jeopardy! Round responses

THE 18th CENTURY
ORGANIZATIONS
BODIES OF WATER
PLANTS & TREES
LITERATURE
NEXT IN LINE
    $200 11
Napoleon

Mark
    $200 13
the FCC

Susan
    $200 1
the Panama Canal

Mark
    $200 15
the Douglas fir

Mark
    $200 4
1984

Mark
    $200 8
(arch)bishops

Susan
    $400 12
(Mark: Who is Tasman?)

Capt. Cook

MarkCharlie
    $400 14
general

Susan
    $400 2
(Charlie: What is Madras--um?)

the Bay of Bengal

MarkCharlie
    $400 22
hemlock

Charlie
    $400 5
Poe

Charlie
    $400 9
the crust

Charlie
    $600 25
Nepal

Charlie
    $600 19
The Andy Griffith Show

Mark
    $600 3
the Vistula

Mark
    $600 23
(Mark: What is mistletoe?)

holly

MarkCharlie
    $600 6
One Flew Over the Cuckoo's Nest

Mark
    $600 10
(Mark: What's a full house?)
(Susan: What is four of a kind?)
...
(Alex: [*], flush, then a full house.)

a straight

MarkSusan
Triple Stumper
    $800 28
(Charlie: Who is Marie Antoinette?)

Maria Teresa

Charlie
Triple Stumper
    $800 20
the Scottish Rite

Charlie
    $800 17
the Adriatic

Mark
    $800 24
the Malay Peninsula

Susan
    $800 7
Sacco & Vanzetti

Susan
    $800 27
(Andrew) Jackson

Mark
    $2,000 21
(Charlie: What is the Red Cross?)

the American Lung Association

Charlie
    $1000 18
(Susan: What is Lake Victoria?)

Lake Tanganyika

CharlieSusan
    $1000 26
(Mark: What are air ferns?)
...
(Alex: We have less than a minute to go, Charlie.)

air plants

Mark
Triple Stumper
    $1000 16
Ironweed

Mark
    $2,400 29
(Mark: Uh, who is Carl?)
(Alex: No, these were the first names of various vice presidents of the Unites States--Alben Barkley, Richard Nixon, Lyndon Johnson, Hubert Humphrey and [*] Agnew.)
[The clue ended with four dots.]
...
[The end-of-round signal sounds.]

Spiro

Mark

Scores at the end of the Double Jeopardy! Round:

Mark Charlie Susan
$9,000 $3,000 $700
(lock game)

[wagering suggestions for these scores]

Final Jeopardy! Round responses

FAMOUS NAMES
(Alex: [To Charlie] I don't know who Will D is.)
(Charlie: A friend of mine.)
...
(Alex: [To Mark] The great pantomime artist.)
SusanWho was is Richard Avedon?
$700
CharlieWho is Will D
$1,599
MarkWho is Marcel Marceau?
$2,000
Marcel Marceau

Final scores:

Mark Charlie Susan
$11,000 $1,401 $0
2-day champion: $23,300 2nd place: The Hitter, The Hero and the American Dream serilithograph autographed by Joe DiMaggio + Bulova Sportstime watches + Jeopardy! Sports Edition for home computers or Super Nintendo Entertainment System 3rd place: Curtis Mathes 25" TV + Jeopardy! Sports Edition for home computers or Super Nintendo Entertainment System

Game dynamics:

Coryat scores:

Mark Charlie Susan
$9,300 $5,000 $700
32 R
(including 1 DD),
6 W
(including 1 DD)
13 R,
3 W
(including 1 DD)
8 R,
3 W

Combined Coryat: $15,000

[game clues] [game scores] [suggest correction]

Game tape date: 1995-02-07
The J! Archive is created by fans, for fans. Scraping, republication, monetization, and malicious use prohibited; this site may use cookies and collect identifying information. See terms. The Jeopardy! game show and all elements thereof, including but not limited to copyright and trademark thereto, are the property of Jeopardy Productions, Inc. and are protected under law. This website is not affiliated with, sponsored by, or operated by Jeopardy Productions, Inc. Join the discussion at JBoard.tv.